| 000 | 00936cam a2200313 i 4500 | ||
|---|---|---|---|
| 999 |
_c273 _d273 |
||
| 001 | 17508481 | ||
| 003 | OSt | ||
| 005 | 20191125114016.0 | ||
| 008 | 121025s2012 enka 001 0 eng | ||
| 010 | _a 2012471906 | ||
| 020 | _a9781444135190 (pbk.) | ||
| 040 |
_aDLC _beng _cDLC _dDLC _erda _dDLC |
||
| 042 | _apcc | ||
| 082 | 0 | 0 | _aWB105 C436m 2012 |
| 100 | 1 |
_aLayne, Kerry; Fok, Henry; Nabeebaccus, Adam _9736 |
|
| 245 | 1 | 0 | _a100 Cases in Acute Medicine |
| 264 | 1 |
_aLondon; _bHodder Arnold, _c2012 |
|
| 300 |
_avii, 280 p : _bill ; _c25 cm. |
||
| 336 |
_atext _2rdacontent |
||
| 337 |
_aunmediated _2rdamedia |
||
| 338 |
_avolume _2rdacarrier |
||
| 490 | 0 | _a100 cases | |
| 504 | _aIncludes index. | ||
| 650 | 0 |
_aMedicine _910934 |
|
| 650 | 0 |
_aMCQs medicine _99120 |
|
| 906 |
_a7 _bcbc _corigres _d2 _encip _f20 _gy-gencatlg |
||
| 942 |
_2z _cB_BANK |
||